000 01022nam a2200241 i 4500
001 54848
003 ES-MaACL
005 20250803105140.0
007 t|
008 040119s1955 sp ||||1| spa d
100 1 _aGalvao, Enrique.
_953696
245 1 3 _aLa vida y la muerte en la selva
_b: la caza mayor y su técnica /
_cEnrique Galvao, Teodosio Cabral y Abel Pratas ; traducción de Carmen Díaz Herrero ; revisada y ampliada con notas por Bermudo Meléndez.
260 _a[Madrid] :
_bParaninfo,
_c[1955]
300 _aV. <2-3> ;
_c25 cm.
505 8 _aContiene: V. 2. Leones, leopardos, hienidos, canidos, jabalíes y búfalos -- v. 3. Antílopes, cebras, el gorila. Especies menores. Narraciones cinegéticas. Guía del cazador en Africa
650 4 _aCaza-
_zÁfrica.
_910858
700 1 _aCabral, Teodosio.
_933253
700 1 _aPratas, Abel.
_993682
700 1 _aDíaz Herrero, Carmen.
_944308
700 1 _aMeléndez, Bermudo,
_d1912-1999
_979905
852 _aES-MaACL
_jP-830
999 _c54848
_d54848